000 00298nam a22001337a 4500
008 170922b xxu||||| |||| 00| 0 eng d
020 _a9780345377449
041 _aeng
080 _a902
100 _a45
101 _aARK
245 _aWOMEN WHO RUN WITH THE WOLVES
_cESTES,C.P
942 _2udc
_cBK
999 _c28906
_d28906